000 00495nam a22001457a 4500
003 OSt
005 20151206094439.0
008 151206b xxu||||| |||| 00| 0 eng d
040 _cRUA
082 _aATM ស្វាយ 1990 B188 Or.1
100 _94372
_aស្វាយ សុគន្ធី
245 _aសិក្សាអំពីម៉ាស៊ីនសំរាប់បន្សឹកនិងពិសោធន៍ ចលករ​
260 _aPhnom Penh
_bRUA
_c1990
942 _2ddc
_cATM
999 _c4075
_d4075